Statistics for Liverpool Road to Kiev 2018

Click here to take the quiz!

General Stats

  • This quiz has been taken 222 times
  • The average score is 6 of 8

Answer Stats

RoundOpponent% Correct
FinalReal Madrid
98%
Semi-finalAS Roma
92%
Round of 16FC Porto
86%
Quarter-finalsManchester City
85%
Play-offHoffenheim
65%
Group StagesSevilla
61%
Group StagesSpartak Moscow
46%
Group StagesMaribor
44%

Score Distribution

Percentile by Number Answered

Percent of People with Each Score

Your Score History

You have not taken this quiz